00493nam a2200193 a 4500001001300000003000900013005001700022008004100039020002300080082001800103100002300121245002900144260003100173300000900204500003500213505001000248650001800258700002300276nice12345678IN_TiNIC20260116014936.0050524s2001 newa grp 000 0 eng  a0385157 c31000a341.7588bFRI aFriedman, Thomas L aLexus and the Olive Tree aNew YorkbDoubleday c2001 a490p aincludes index and biblioraphy2 aIndex aGlobalization1 aFriedman, Thomas L